000 03433cam a2200373Ia 4500
001 CRC00E68814PDF
003 BD-DhSAU
005 20151012144300.0
006 m|||||o||d||||||||
007 cr||||
008 090612s2010 flua sb 001 0 eng d
020 _a9781420068870 (ebook : PDF)
040 _aBD-DhSAU
_cBD-DhSAU
090 _aRC553.A88
_bA8726 2010
092 _a616.85882
_bA939
245 0 0 _aAutism
_h[electronic resource] :
_boxidative stress, inflammation, and immune abnormalities /
_cedited by Abha Chauhan, Ved Chauhan, and Ted Brown.
260 _aBoca Raton, Fla. :
_bTaylor & Francis,
_c2010.
300 _axxiii, 427 p. :
_bill.
504 _aIncludes bibliographical references and index.
505 0 _aType, topography, and sequelae of neuropathological changes shaping clinical phenotype of autism / Jerzy Wegiel ... [et al.] -- Evidence for oxidative damage in the autistic brain / Teresa A. Evans ... [et al] -- Oxidative stress and neurotrophin signaling in autism / Elizabeth M. Sajdel-Sulkowska -- Genetics of autism / W. Ted Brown -- The phenotypic expression of autism, maternal depression, and the monoamine oxidase-a gene / Ira L. Cohen -- Paraoxonase 1 status, environmental exposures, and oxidative stress in autism spectrum disorders / Maria Dronca and Sergiu P. Pasca -- The redox/methylation hypothesis of autism : a molecular mechanism for heavy metal-induced neurotoxicity / Richard C. Deth -- Autism and oxidative stress : evidence from an animal model / Michelle A. Cheh ... [et al.] -- Neurotoxic brainstem impairment as proposed threshold event in autistic regression / Woody R. McGinnis ... [et al.] -- Abnormalities in membrane lipids, membrane-associated proteins, and signal transduction in autism / Ved Chauhan and Abha Chauhan -- Mitochondrial component of calcium signaling abnormality in autism / J. Jay Gargus --
505 0 _aInflammation and neuroimmunity in the pathogenesis of autism : neural and immune network interactions / Carlos A. Pardo-Villamizar and Andrew W. Zimmerman -- Possible impact of innate immunity on autism / Harumi Jyonouchi -- Autism, gastrointestinal disturbance, and immune dysfunction : what is the link? / Paul Ashwood, Amanda Enstrom, and Judy van de Water -- Possible mechanism involving intestinal oxytocin, oxidative stress, and signaling pathways in a subset of autism with gut symptoms / Martha G. Welch and Benjamin Y. Klein -- Cytokine polymorphisms in autism : their role in immune alterations / Fabi�an Crespo ... [et al.] -- Autism, teratogenic alleles, HLA-DR4, and immune function / William G. Johnson ... [et al.] -- Autism : the centrality of active pathophysiology and the shift from static to chronic dynamic encephalopathy / Martha R. Herbert -- A re-evaluation of the state of autism treatment : the need for a biopsychosocial perspective / Eric London.
530 _aAlso available in print edition.
538 _aMode of access: World Wide Web.
650 0 _aAutism
_xPathophysiology.
650 0 _aOxidative stress.
650 0 _aInflammation.
650 0 _aNeuroimmunology.
655 7 _aElectronic books.
_2lcsh
700 1 _aChauhan, Abha,
_d1957-
700 1 _aChauhan, Ved.
700 1 _aBrown, Ted,
_d1946-
776 1 _z9781420068818
856 4 0 _uhttp://marc.crcnetbase.com/isbn/9781420068870
_qapplication/PDF
999 _c11187
_d11186